000 00651nam a2200205 a 4500
003 BD-DhJNU
005 20250508045645.0
008 001102s2000 enk b 001 0 eng d
040 _aBD-DhJNU
_bENG
_cBD-DhJNU
_dBD-DhJNU
020 _a0415181569 (pbk)
082 0 0 _a306 RAK
_223
100 1 _aRapport, Nigel
245 1 0 _aSocial and cultural anthropology :
_bkey concepts in /
_cNigel Rapport and Joanna Overing
260 _aLondon ;
_aNew York :
_bRoutledge,
_c2000.
300 _axii, 464 p. ;
_c23 cm.
504 _aIncludes bibliographical references (p. 409-444) and index.
650 0 _aEthnology.
700 1 _aOvering, Joanna.
942 _cBK
999 _c1678
_d1678